| 000 | 00330nam a22001097a 4500 | ||
|---|---|---|---|
| 008 | 230609b xxu||||| |||| 00| 0 eng d | ||
| 082 |
_a370.7519 _bMES |
||
| 245 |
_aEducation in Korea _cMinistry of Education Science and Technology |
||
| 260 |
_aKorea _bMinistry of Education, Science and Technology |
||
| 300 | _a206 p | ||
| 942 |
_2ddc _cBK |
||
| 999 |
_c952 _d952 |
||